000
00323nam a2200145Ia 4500
003
OSt
008
191201s2013 xx 000 0 und d
082
_a
822.33
_b
WHJ
100
_a
WHITEHEAD ,Dan
245
0
_a
Julius Caesar
260
_b
Kalyani Navyug
_c
2013
300
_a
105
650
_a
General Books
942
_2
ddc
_c
BK
999
_c
6760
_d
6760